Continents with the Most... - Statistics

General Stats
  • This quiz has been taken 30 times
  • The average score is 21 of 35
Answer Stats
Hint Answer % Correct
Muslims Asia
96%
McDonald's N America
96%
Megacities Asia
93%
Castles per Capita Europe
93%
Kangaroos Oceania
93%
People Asia
89%
Wine Production Europe
89%
Coral Atolls Oceania
89%
Olive Oil Production Europe
85%
Bears N America
85%
Tornadoes N America
85%
Corn Production N America
85%
Penguins Antarctica
81%
Bikes per Capita Europe
81%
Tallest Trees N America
70%
Mountain Mass Asia
67%
UNESCO World Heritage Sites Europe
67%
Total Religions Asia
63%
Non-Island Microstates Europe
63%
Longest Mountain Range S America
59%
Countries Africa
56%
Animal Species S America
56%
Highest Capital City S America
56%
Fresh Water in Lakes N America
52%
Total Microstates Oceania
44%
Billionaires Asia
37%
Languages per Capita Oceania
22%
Desert Land Antarctica
19%
Potential Farmland Africa
15%
Christians Africa
15%
Copper Production S America
15%
Orange Juice S America
15%
Meteorites Found Antarctica
11%
Emeralds S America
11%
Highest Average Elevation Antarctica
7%
No matching quizzes found
Score Distribution
Percent of People with Each Score
Percentile by Number Answered
Your Score History
You have not taken this quiz